Sermón en la fiesta de los tres días, al santísismo sacramento, en la capilla del sagrario de la santa iglesia metropolitana de Mex.

Detalles Bibliográficos
Autor principal: SERNA, Jacinto de la
Formato: Libro
Publicado: México 1655
Materias:
Colección:Banco de datos
Acervo:Biblioteca del Ex Convento de Nuestra Señora de Guadalupe. Zacatecas
Tema general:Homilética
Notas:Regular. XIII,1,1 (4415). Encuadernado con trece obras más
LEADER 00801nam a22001930004500
035 |a 46717 
036 |a 7901 
100 1 |a SERNA, Jacinto de la 
245 1 0 |a Sermón en la fiesta de los tres días, al santísismo sacramento, en la capilla del sagrario de la santa iglesia metropolitana de Mex. 
260 |a México  |b imp. Viuda de Bernardo Calderón  |c 1655 
500 |a Regular. XIII,1,1 (4415). Encuadernado con trece obras más 
650 1 0 |a Homilética 
949 |a CRZ-CG 
959 |a Ex convento de Nuestra Señora de Guadalupe, Museo Regional de Zacatecas, Zacatecas  |b CCC4 
960 |a Convento de Nuestra Señora de Guadalupe, Zacatecas  |b DD87 
961 |a Franciscana  |b OF 
942 |c CRZ-CG 
943 |g Biblioteca del Ex Convento de Nuestra Señora de Guadalupe. Zacatecas 
999 |c 970844  |d 970844